Kobiece Imiona występujące w Piosenkach - Statystyki

Ogólne statystyki
  • Ten quiz został rozwiązany 232 razy
  • Średni wynik to 2 z 5
Statystyki odpowiedzi
Odpowiedź % Poprawnych
Baśka
76%
Jolka
43%
Aleksandra
40%
Ewka
38%
Kaśka
35%
Nie znaleziono quizów pasujących do podanych kryteriów
Rozkład punktacji
Procent ludzi z każdym wynikiem
Percentyl według liczby udzielonych odpowiedzi
Twoja historia wyników
Nie rozwiązałeś tego quizu